000 00521nam a2200205Ia 4500
003 GCL
008 140319s9999 xx 000 0 aRus d
040 _aGCL /
_cGCL
082 0 4 _a863
_bJ E
100 1 _aJOYCE, JAMES
245 1 0 _aESCRITOS CRITICOS /
_cJOYCE, JAMES
260 _aاسبانيا :
_bALIANZA EDITORIAL ،
_c1983
300 _a18 CM ؛
_c358 P.
490 _aNONE
_v0
650 0 4 _aLITERATURE
650 0 4 _aFICTION
650 0 4 _aSPANISH LITERATURE
650 0 4 _aSPANISH FICTION
942 _2ddc
_cBK
999 _c10954
_d10954